000 01153nam a22003257a 4500
003 CHAP
005 20221209085949.0
008 010920d2001 mx r 00110 spa d
010 _a86579
011 _a87551
035 _a98095
040 _cCHAP
090 _aTesis
100 0 0 _aVelázquez Matíaz, Soiber Adalberto
_9118572
245 1 3 _aLa producción campesina de frijol en México
_c/por Soiber Adalberto Velázquez Matíaz
260 _aChapingo, Méx. :
_bEl autor,
_c2002.
300 _a70 h. ;
_banexos
502 _aTesis (Ing. Agr. Esp. en Economía Agrícola) -- UACH. División de Ciencias Económico Administrativas
590 _aALEPH
_b10
_c20130110
_lUCH01
_h1450
590 _aBATCH-UPD
_b10
_c20130110
_lUCH01
_h1956
590 _aBATCH-UPD
_b10
_c20130410
_lUCH01
_h1317
590 _aBATCH-UPD
_b10
_c20130914
_lUCH01
_h1443
590 _aCONVERSION
_b10
_c20130109
_lUCH01
_h1348
650 1 4 _aFrijol
_xMéxico.
_943408
650 1 4 _aFrijol
_xRendimiento.
_943429
901 _aBK
942 _cFOLL
949 _aTesis
_bBC
_cTES
_d33724000872610
_eTS2
_fc.2
_h40203
_i98095
_si
949 _aTesis
_bBC
_cTES
_d980951
_eTS1
_h40202
_i98095
_sb
999 _c86579
_d86579